| 000 | 01703nam0a22002651 4500 | ||
|---|---|---|---|
| 001 | rc\769229 | ||
| 005 | 20260407084046.0 | ||
| 035 | _a(NLR Aleph) 006296013 | ||
| 090 |
_a7200788 _c7200788 |
||
| 100 | _a20040301d1985 |||y0rusy50 ca | ||
| 101 | 0 | _arus | |
| 102 | _aRU | ||
| 105 | _ay ||||||||| | ||
| 200 | 1 |
_aОб опыте работы философских (методологических) семинаров высших учебных заведений и научно-исследовательских институтов Куйбышевской области _e(Информ. материалы) _e[Материалы конф., Куйбышев, 23 нояб. 1983 г. _fОтв. ред. Э.Ф. Володин и др.] |
|
| 210 |
_aМ. _cБ. и. _d1985 |
||
| 215 |
_a32 с. _d21 |
||
| 300 | _aВ надзаг.: Центр. совет филос. (методол.) семинаров при Президиуме АН СССР, Дом полит. просвещения Куйбышев. обкома КПСС | ||
| 702 | 1 |
_aВолодин _bЭ.Ф. _gЭдуард Федорович _4340 |
|
| 712 | 0 | 2 |
_aАН СССР _bЦентральный совет философских (методологических) семинаров _3RU\NLR\AUTH\8811554 _9295802 |
| 712 | 1 | 2 |
_aКуйбышевская обл. науч.-практ. конф. на тему "Совершенствование работы философских (методологических) семинаров в свете решений июньского (1983 г.) Пленума ЦК КПСС" _f1983 |
| 801 | 0 |
_aRU _bNLR _gpsbo |
|
| 801 | 1 |
_aRU _bELAR _2rusmarc |
|
| 852 |
_aNLR _j85-6/4350 |
||
| 942 | _cBOOK | ||
| 980 | _aNB | ||